Human rights: comments and interpretations/ by Jacques Maritain. (Record no. 139982)

MARC details
000 -CABECERA
campo de control de longitud fija 00482nam a2200169 a 4500
005 - FECHA Y HORA DE LA ÚLTIMA TRANSACCIÓN
campo de control 20210219160544.0
008 - ELEMENTOS DE LONGITUD FIJA--INFORMACIÓN GENERAL
campo de control de longitud fija 081110s2000 mx r 000 0 spa d
035 ## - NÚMERO DE CONTROL DEL SISTEMA
Número de control de sistema UPN01000167871
049 ## - COLECCIÓN
Colección UNE
080 ## - NÚMERO DE CLASIFICACIÓN DECIMAL UNIVERSAL
Número de la Clasificación Decimal Universal 342.7 (100)=20 "1949" MAR.
100 1# - ASIENTO PRINCIPAL--NOMBRE PERSONAL
Nombre de persona Maritain, Jacques
245 10 - MENCIÓN DE TÍTULO
Título Human rights: comments and interpretations/ by Jacques Maritain.
260 ## - PUBLICACIÓN, DISTRIBUCIÓN, ETC.
Lugar de publicación, distribución, etc. London : Allan Wingate, 1949.
300 ## - DESCRIPCIÓN FÍSICA
Extensión 288 p.
690 ## - PUNTO DE ACCESO ADICIONAL DE MATERIA LOCAL--TÉRMINO DE MATERIA (OCLC, RLIN)
Término de materia o nombre geográfico como elemento inicial Derechos humanos- Ensayos
905 ## - TIPO DE MATERIAL
Tipo de material UNESCO

No items available.